| 000 | 00355nam a2200109Ia 4500 | ||
|---|---|---|---|
| 008 | 160531s9999 xx 000 0 und d | ||
| 100 | _aClaborn, David. | ||
| 245 | _aMicrobiology And Immunology (6th Edition) | ||
| 245 | _cBy:Benjamin Clarke, Louise B. Hawley, Richard J. Ziegler | ||
| 260 | _c2013 | ||
| 856 | _uhttp://file.ebook777.com/MicAndImm(6tEdi.pdf | ||
| 999 |
_c295393 _d295393 |
||